[Event "Philadelphia op"]
[Site "Philadelphia"]
[Date "1987.??.??"]
[Round "?"]
[White "Rachels, Stuart"]
[Black "Miles, Anthony J"]
[Result "0-1"]
[WhiteElo "2355"]
[BlackElo "2565"]

1.e4 c6 2.d4 d5 3.exd5 cxd5 4.c4 Nf6 5.Nc3 Nc6 6.Nf3 Bg4 7.cxd5 Nxd5 8.Qb3 Bxf3
9.gxf3 Nb6 10.Be3 e6 11.O-O-O Be7 12.d5 exd5 13.Nxd5 Nxd5 14.Rxd5 Qc7 15.Kb1 O-O
16.Qc2 Rad8 17.Rxd8 Rxd8 18.Bd3 g6 19.Be4 Bf6 20.Qc5 Kg7 21.f4 Rd6 22.Rc1 Qe7
23.Bg2 b6 24.Qc4 Nd4 25.Rd1 Nf5 26.Rxd6 Qxd6 27.Bd5 Qe7 28.Qe4 Qd7 29.Qd3 Ne7
30.Be4 Qh3 31.Qa6 Nf5 32.Bxf5 gxf5 33.Qxa7 Qxh2 34.Qxb6 h5 35.Kc2 Qg2 36.Kd2 Qd5+
37.Ke2 h4 38.Qb3 Qg2 39.Qd1 Kh6 40.b3 Qa8 41.a4 Qa6+ 42.Kf3 Qc6+ 43.Ke2 h3
44.f3 Qa6+  0-1

[Event "Philadelphia op"]
[Site "Philadelphia"]
[Date "1987.??.??"]
[Round "?"]
[White "Miles, Anthony J"]
[Black "Gulko, Boris F"]
[Result "0-1"]
[WhiteElo "2565"]
[BlackElo "2525"]

1.d4 Nf6 2.Nf3 g6 3.Bg5 Bg7 4.Nbd2 c5 5.Bxf6 Bxf6 6.Ne4 Bxd4 7.Nxd4 cxd4
8.Qxd4 O-O 9.Nc3 Nc6 10.Qd2 Qb6 11.Rb1 Qd4 12.Rd1 Qxd2+ 13.Rxd2 d6 14.Nd5 b5
15.g3 Bd7 16.Bg2 Rab8 17.O-O Rfc8 18.f4 Kf8 19.e4 Na5 20.c3 Nc4 21.Re2 Be6
22.Rc1 Bxd5 23.exd5 Rc5 24.Kf2 a5 25.Rec2 Nb6 26.a3 Rbc8 27.Rd1 b4 28.axb4 axb4
29.Rd3 Ra5 30.Rdd2 b3 31.Rc1 Ra2 32.Bf1 Na4 33.Ke1 Rxb2 34.Rxb2 Nxb2 35.Rb1 Na4
36.Rxb3 Nxc3 37.Bg2 Rc5 38.Rb8+ Kg7 39.Re8 Kf6 40.g4 Nxd5 41.g5+ Ke6 42.Bxd5+ Rxd5
43.Kf2 h6 44.gxh6 Rh5 45.Rh8 Rxh2+ 46.Kg3 Rh1 47.Kg2 Rh5 48.Kf3 Kf6  0-1

[Event "Philadelphia op"]
[Site "Philadelphia"]
[Date "1987.??.??"]
[Round "?"]
[White "Browne, Walter S"]
[Black "Miles, Anthony J"]
[Result "1/2-1/2"]
[WhiteElo "2495"]
[BlackElo "2565"]

1.d4 Nc6 2.Nf3 d5 3.c4 Bg4 4.cxd5 Bxf3 5.gxf3 Qxd5 6.e3 e6 7.Nc3 Qh5 8.f4 Qxd1+
9.Kxd1 O-O-O 10.Ke2 Nf6 11.Bg2 Ne7 12.Rg1 Nf5 13.Bd2 h6 14.Ne4 Nxe4 15.Bxe4 g6
16.Bc3 Bg7 17.Rac1 Bf6 18.h3 g5 19.fxg5 hxg5 20.d5 Bxc3 21.Rxc3 Nd6 22.Bf3 exd5
23.Rxg5 Ne4 24.Bxe4 dxe4 25.Rf5 Rd7 26.Rcc5 Rxh3 27.Rce5 Kd8 28.Rxe4 Rh1
29.Rc4 Rb1 30.Rc2 b6 31.Rf6 c5 32.a3 Ke7 33.Rc6 Rd6 34.Rc7+ Rd7 35.Rc6 Rd6
36.Rc7+ Rd7  1/2-1/2

[Event "Philadelphia op"]
[Site "Philadelphia"]
[Date "1987.??.??"]
[Round "?"]
[White "Miles, Anthony J"]
[Black "Damljanovic, Branko"]
[Result "1-0"]
[WhiteElo "2565"]
[BlackElo "2470"]

1.d4 Nf6 2.Nf3 e6 3.c4 b6 4.Nc3 Bb7 5.a3 g6 6.d5 exd5 7.cxd5 Bg7 8.g3 O-O
9.Bg2 c6 10.O-O cxd5 11.Ng5 Na6 12.Nxd5 Nxd5 13.Bxd5 Bxd5 14.Qxd5 Nc5 15.Rb1 h6
16.Nf3 Re8 17.Be3 Rc8 18.Rfc1 Qe7 19.Rc2 Rc6 20.Rd1 Rec8 21.Nd4 Bxd4 22.Bxd4 Ne6
23.Rxc6 dxc6 24.Qe5 f6 25.Qe4 Kg7 26.Bc3 c5 27.Bd2 Re8 28.Bc3 Ng5 29.Qc6 Nf7
30.Bxf6+ Qxf6 31.Qxe8 Qxb2 32.Rd3 Qa2 33.Qe7  1-0

[Event "Philadelphia op"]
[Site "Philadelphia"]
[Date "1987.??.??"]
[Round "?"]
[White "Miles, Anthony J"]
[Black "Blocker, Calvin"]
[Result "1-0"]
[WhiteElo "2565"]
[BlackElo "2370"]

1.d4 Nf6 2.Nf3 g6 3.Bg5 Bg7 4.Nbd2 d6 5.e4 O-O 6.c3 c5 7.dxc5 dxc5 8.Bc4 Nc6
9.h3 b6 10.O-O Bb7 11.Qe2 Nd7 12.Rad1 Qc7 13.Bd5 Nf6 14.Bb3 h6 15.Be3 Rad8
16.Nh4 Na5 17.Bc2 e5 18.Rfe1 Nh5 19.Nhf3 a6 20.Nc4 Nc6 21.a4 Rfe8 22.Rxd8 Rxd8
23.Rd1 Bc8 24.Rxd8+ Nxd8 25.Qd2 Kh7 26.Ncxe5 Ne6 27.Nc4 Bf8 28.e5 Bb7 29.Nh2 Qc6
30.f3 Ng3 31.Ng4 h5 32.Nf6+ Kh8 33.Qd7 Qxd7 34.Nxd7 b5 35.Nxf8 Nxf8 36.Nd6 Bd5
37.axb5 axb5 38.Bxc5 Ne6 39.Bf2 Ne2+ 40.Kf1 N2f4 41.Nxf7+ Kg8 42.Nd6  1-0

[Event "San Francisco"]
[Site "San Francisco"]
[Date "1987.??.??"]
[Round "?"]
[White "Leski, Marc"]
[Black "Miles, Anthony J"]
[Result "1-0"]
[WhiteElo "2390"]
[BlackElo "2585"]

1.Nf3 d6 2.d4 Bg4 3.e4 Nf6 4.Nc3 e6 5.Be2 Be7 6.Be3 O-O 7.O-O Nc6 8.h3 Bh5
9.Nd2 Bxe2 10.Qxe2 d5 11.e5 Nd7 12.f4 f5 13.exf6 Bxf6 14.Nf3 Nb6 15.Rad1 Nc4
16.Bc1 Qe7 17.b3 Nb6 18.Nb5 Qd7 19.Ba3 Be7 20.Bxe7 Qxe7 21.Ne5 Nxe5 22.Qxe5 Rf7
23.f5 a6 24.fxe6 Rf6 25.Nxc7 Rd8 26.c4 dxc4 27.Qc5 Rxe6 28.Nxe6 Qxe6 29.d5 Qd6
30.Qxd6 Rxd6 31.Rde1 Rd8 32.Re6 Nxd5 33.bxc4 Nf6 34.Rb1 Rd7 35.Reb6 Rd4 36.Rxb7 Rxc4
37.Ra7  1-0

[Event "San Francisco"]
[Site "San Francisco"]
[Date "1987.??.??"]
[Round "?"]
[White "Miles, Anthony J"]
[Black "Christiansen, Larry Mark"]
[Result "1/2-1/2"]
[WhiteElo "2585"]
[BlackElo "2575"]

1.e4 e5 2.Nf3 Nf6 3.Nxe5 d6 4.Nf3 Nxe4 5.Nc3 Bf5 6.Nxe4 Bxe4 7.d3 Bg6 8.Bg5 Be7
9.Bxe7 Qxe7+ 10.Be2 Nc6 11.O-O O-O 12.Re1 Rae8 13.Qd2 Ne5 14.d4 Nxf3+ 15.Bxf3 Qd7
16.c3 b6 17.Rxe8 Rxe8 18.Re1 Rxe1+ 19.Qxe1 Kf8 20.g3  1/2-1/2

[Event "San Francisco"]
[Site "San Francisco"]
[Date "1987.??.??"]
[Round "?"]
[White "Miles, Anthony J"]
[Black "De Firmian, Nick E"]
[Result "1/2-1/2"]
[WhiteElo "2585"]
[BlackElo "2485"]

1.Nf3 Nf6 2.c4 c5 3.g3 b6 4.Bg2 Bb7 5.O-O Nc6 6.b3 e6 7.Bb2 Be7 8.e3 O-O
9.Nc3 Rc8 10.Qe2 d5 11.d3 dxc4 12.bxc4 Rc7 13.Rfd1 Rd7 14.Ne1 Qa8 15.f4 Nb4
16.Bxb7 Qxb7 17.e4 Rfd8 18.e5 Ne8 19.Rd2 a6 20.Ne4 b5 21.Bc3 Nc6 22.Nf3 bxc4
23.dxc4 Rxd2 24.Nfxd2  1/2-1/2

[Event "San Francisco"]
[Site "San Francisco"]
[Date "1987.??.??"]
[Round "?"]
[White "Miles, Anthony J"]
[Black "Djuric, Stefan"]
[Result "0-1"]
[WhiteElo "2585"]
[BlackElo "2455"]

1.Nf3 Nf6 2.d4 d5 3.c4 e6 4.Nc3 c5 5.e3 cxd4 6.exd4 Bb4 7.cxd5 Nxd5 8.Qc2 Nc6
9.a3 Ba5 10.b4 Bb6 11.Bb2 a5 12.Nxd5 exd5 13.b5 Ne7 14.Bd3 Bg4 15.Ne5 Rc8
16.Qb1 Bh5 17.O-O f6 18.Nf3 Bxf3 19.gxf3 Qd6 20.Re1 Kf7 21.a4 Qf4 22.Ba3 Rc7
23.Qb3 Qxd4 24.Ra2 Rd8 25.Re4 Rc3 26.Rxe7+ Kg8 27.Qd1 Rxd3 28.Qe2 h6 29.Bb2 Rd1+
30.Kg2 Qd3 31.Rxg7+ Kxg7 32.Qe7+ Kg8 33.Qe6+ Kf8 34.Qxf6+ Ke8 35.Qe6+ Kf8
36.Qxb6 Rd7 37.Qf6+ Kg8 38.Qh8+ Kf7 39.Qf6+ Kg8 40.Qh8+ Kf7 41.Qg7+ Ke8 42.Qg8+ Ke7
43.Ba3+ Kf6 44.Qf8+ Kg6 45.Qe8+ Rf7 46.Qe6+  0-1

[Event "San Francisco"]
[Site "San Francisco"]
[Date "1987.??.??"]
[Round "?"]
[White "Verduga, Denis Homero"]
[Black "Miles, Anthony J"]
[Result "1-0"]
[WhiteElo "2435"]
[BlackElo "2585"]

1.d4 Nf6 2.c4 c5 3.d5 e5 4.Nc3 d6 5.e4 Be7 6.g3 O-O 7.Bh3 Bxh3 8.Nxh3 Qd7
9.Ng1 Na6 10.h3 Nc7 11.g4 b5 12.g5 Nfe8 13.cxb5 Nxb5 14.Qa4 Nec7 15.Nge2 a6
16.Ng3 Qd8 17.h4 Nd4 18.Qd1 Qd7 19.Be3 Rab8 20.Rb1 Rb4 21.h5 Ncb5 22.Kf1 Rb8
23.Nxb5 Nxb5 24.Qf3 Na3 25.Rd1 Nc4 26.Nf5 Bf8 27.g6 fxg6 28.hxg6 hxg6 29.Rh8+ Kxh8
30.Qh3+ Kg8 31.Nh6+ gxh6 32.Qxd7 Nxe3+ 33.fxe3 Rxb2 34.Kg1 Rb1 35.Qe6+ Kg7
36.Qd7+ Kg8 37.Qg4 Kh7 38.Qd7+ Kh8 39.Rxb1 Rxb1+ 40.Kf2 Rb2+ 41.Kf3 Kg8 42.Qa4 h5
43.Qxa6 Kh7 44.Qc8 Bg7 45.a4 Bf6 46.Kg3 Kh6 47.a5 Ra2 48.a6 h4+ 49.Kh3 c4
50.Qxc4 Ra3 51.Qf1 Bg5 52.Kg4 Bxe3 53.Qf8+ Kh7 54.Qxd6 h3 55.Qxa3  1-0

[Event "San Francisco"]
[Site "San Francisco"]
[Date "1987.??.??"]
[Round "?"]
[White "Browne, Walter S"]
[Black "Miles, Anthony J"]
[Result "1-0"]
[WhiteElo "2505"]
[BlackElo "2585"]

1.d4 Nf6 2.c4 e6 3.Nf3 b6 4.a3 c6 5.Nbd2 d5 6.Qc2 Be7 7.e4 Bb7 8.Bd3 h6 9.O-O O-O
10.cxd5 cxd5 11.e5 Nfd7 12.b4 Qc8 13.Qb1 Rd8 14.Re1 Nf8 15.Nf1 Qc6 16.Ng3 Qe8
17.Nh5 Ng6 18.Bxg6 fxg6 19.Nf4 g5 20.Nxe6 Rc8 21.Bxg5 hxg5 22.Nexg5 g6 23.e6 Kg7
24.Nf7 Rc6 25.b5 Rxe6 26.Rxe6 Qxf7 27.Qe1 Bf6 28.Rc1 Nd7 29.Rc7 Bc8 30.Rec6 Qg8  1-0

[Event "San Francisco"]
[Site "San Francisco"]
[Date "1987.??.??"]
[Round "?"]
[White "Rohde, Michael A"]
[Black "Miles, Anthony J"]
[Result "1-0"]
[WhiteElo "2550"]
[BlackElo "2585"]

1.d4 Nf6 2.Nf3 e6 3.c4 Bb4+ 4.Bd2 Qe7 5.g3 Nc6 6.Nc3 O-O 7.Bg2 Bxc3 8.Bxc3 Ne4
9.Rc1 d6 10.O-O a5 11.Nh4 f5 12.d5 Nb4 13.Be1 Bd7 14.a3 Na6 15.dxe6 Bc6 16.b4 axb4
17.axb4 Ng5 18.e4 fxe4 19.b5 Nc5 20.bxc6 bxc6 21.Qg4 Ra2 22.Bc3 Nd3 23.f4 exf3
24.Nxf3 h5 25.Qxh5 Ne4 26.Nh4 Rxf1+ 27.Rxf1 Nf4 28.gxf4 Nxc3 29.Nf5 Qxe6
30.Qg5  1-0

[Event "Sarajevo"]
[Site "Sarajevo"]
[Date "1987.??.??"]
[Round "?"]
[White "Miles, Anthony J"]
[Black "Dizdarevic, Emir"]
[Result "1-0"]
[WhiteElo "2565"]
[BlackElo "2490"]

1.d4 Nf6 2.c4 e6 3.Nf3 b6 4.Nc3 Bb4 5.Bg5 Bb7 6.e3 h6 7.Bh4 Bxc3+ 8.bxc3 Qe7
9.Nd2 e5 10.a4 Nc6 11.Be2 d6 12.Bf3 g5 13.Bg3 O-O-O 14.Nb3 h5 15.h4 g4 16.Bxc6 Bxc6
17.d5 Bb7 18.a5 Kb8 19.Qc2 Nd7 20.O-O Rdf8 21.e4 f5 22.exf5 Qh7 23.Ra3 Qxf5
24.Qa2 Qd3 25.axb6 Qxc4 26.Rxa7 Qxd5 27.Ra8+  1-0

[Event "Sarajevo"]
[Site "Sarajevo"]
[Date "1987.??.??"]
[Round "?"]
[White "Miles, Anthony J"]
[Black "Polugaevsky, Lev"]
[Result "0-1"]
[WhiteElo "2565"]
[BlackElo "2585"]

1.d4 Nf6 2.c4 e6 3.Nf3 b6 4.Nc3 Bb7 5.a3 d5 6.cxd5 Nxd5 7.Qc2 Nxc3 8.bxc3 c5
9.e4 Nd7 10.Bf4 cxd4 11.cxd4 Rc8 12.Qb3 Be7 13.Bd3 Nf6 14.d5 exd5 15.Rd1 O-O
16.O-O dxe4 17.Bxe4 Nxe4 18.Rxd8 Rfxd8 19.Re1 Nc5 20.Qa2 Bxf3 21.gxf3 Bf8
22.Be3 Rd3 23.Rc1 Rcd8 24.Rc4 Ne6 25.a4 Bc5 26.Bxc5 bxc5 27.Kg2 g6 28.Re4 R3d6
29.f4 Rb8 30.h4 h5 31.Kh2 Rb4 32.Rxb4 cxb4 33.Qc4 Rd4 34.Qc8+ Kg7 35.a5 Rxf4
36.Qb7 Rxh4+ 37.Kg2 Rg4+ 38.Kf1 h4 39.f3 Rg5 40.Qxa7 h3 41.Qb8 Rxa5 42.Qxb4 Rf5
43.Qc3+ Kg8 44.Kg1 Nf4 45.Kh2 Rd5 46.Qc8+ Kg7 47.Qc3+ Kh7 48.Qf6 Rf5 49.Qd4 Ne6
50.Qe3 Ng5 51.f4 Ne6 52.Kxh3 Rxf4 53.Qa7 g5 54.Qe7 Kg6 55.Qd6 Re4 56.Qc6 Re3+
57.Kg2 g4 58.Kf2 Rf3+ 59.Kg1 Kg5 60.Qd5+ Kh4 61.Qe5 Nf4 62.Qh8+ Nh5 63.Qh7 Rf4
64.Qh8 g3 65.Qh7 f6 66.Qh6 Rg4 67.Kg2 Rg7 68.Qd2 Rg5 69.Qc1 Re5 70.Qh6 Kg4
71.Qh7 Rg5 72.Qc2 Nf4+ 73.Kg1 Rd5 74.Qc8+ f5 75.Qc2 Re5 76.Qd1+ Re2 77.Kh1 Kh3
78.Qxe2 g2+  0-1

[Event "Sarajevo"]
[Site "Sarajevo"]
[Date "1987.??.??"]
[Round "?"]
[White "Kurajica, Bojan"]
[Black "Miles, Anthony J"]
[Result "1/2-1/2"]
[WhiteElo "2495"]
[BlackElo "2565"]

1.Nf3 Nf6 2.d4 e6 3.g3 b5 4.Bg2 Bb7 5.Qd3 a6 6.a4 Be4 7.Qd1 c5 8.Nc3 Bb7
9.axb5 axb5 10.Rxa8 Bxa8  1/2-1/2

[Event "Sarajevo"]
[Site "Sarajevo"]
[Date "1987.??.??"]
[Round "?"]
[White "Sokolov, Ivan"]
[Black "Miles, Anthony J"]
[Result "1-0"]
[WhiteElo "2425"]
[BlackElo "2565"]

1.d4 Nf6 2.c4 c5 3.d5 e5 4.Nc3 d6 5.e4 Be7 6.g3 O-O 7.Bg2 Ne8 8.Nge2 Nd7
9.O-O a6 10.a4 Rb8 11.Be3 b6 12.Nc1 Nc7 13.Nd3 b5 14.cxb5 axb5 15.b4 bxa4
16.bxc5 dxc5 17.Nxa4 Ba6 18.Qc2 c4 19.Ndc5 Nxc5 20.Nxc5 Bb5 21.Rfd1 Ne8 22.Ra7 Nd6
23.Rb1 Bg5 24.Nb7 Bxe3 25.Nxd8 Bxa7 26.Nc6 Ba4 27.Rxb8 Rxb8 28.Qxa4 Rb1+
29.Bf1 Bxf2+ 30.Kxf2 Nxe4+ 31.Kg1 g6 32.Qc2  1-0

[Event "OHRA-B"]
[Site "Amsterdam"]
[Date "1988.??.??"]
[Round "?"]
[White "Pieterse, Gert"]
[Black "Miles, Anthony J"]
[Result "0-1"]
[WhiteElo "2425"]
[BlackElo "2500"]

1.d4 Nf6 2.c4 e6 3.Nc3 Bb4 4.a3 Bxc3+ 5.bxc3 Ne4 6.e3 f5 7.Qh5+ g6 8.Qh6 Qg5
9.Qxg5 Nxg5 10.f3 Nf7 11.a4 d6 12.a5 e5 13.Bd3 c5 14.Ne2 Nc6 15.d5 Ne7 16.Bd2 Bd7
17.O-O Kd8 18.Bc2 Kc7 19.g4 fxg4 20.fxg4 Raf8 21.h3 Ng5 22.Kg2 h5 23.Rxf8 Rxf8
24.gxh5 Bxh3+ 25.Kg3 gxh5 26.Ng1 Bf5 27.Rf1 Rg8 28.Bxf5 Ne4+ 29.Kh2 Nxd2
30.Rf2 Nxc4  0-1

[Event "OHRA-B"]
[Site "Amsterdam"]
[Date "1988.??.??"]
[Round "?"]
[White "Miles, Anthony J"]
[Black "Lobron, Eric"]
[Result "1/2-1/2"]
[WhiteElo "2500"]
[BlackElo "2530"]

1.c4 e6 2.Nc3 d5 3.d4 Nf6 4.Nf3 Nbd7 5.cxd5 exd5 6.Bf4 Bb4 7.Qb3 c5 8.dxc5 Qa5
9.a3 Bxc3+ 10.Qxc3 Qxc3+ 11.bxc3 Nxc5 12.Be5 Ke7 13.g3  1/2-1/2

[Event "OHRA-B"]
[Site "Amsterdam"]
[Date "1988.??.??"]
[Round "?"]
[White "Miles, Anthony J"]
[Black "Gulko, Boris F"]
[Result "0-1"]
[WhiteElo "2500"]
[BlackElo "2590"]

1.Nf3 Nf6 2.c4 c5 3.g3 g6 4.b3 Bg7 5.Bb2 d6 6.Bg2 Nc6 7.O-O O-O 8.Nc3 Bf5
9.d3 Qd7 10.Re1 Rab8 11.Qd2 Bh3 12.Bh1 Bg4 13.Nd5 Nxd5 14.Bxg7 Kxg7 15.cxd5 Bxf3
16.Bxf3 Nd4 17.Bg2 e5 18.e3 Nb5 19.b4 b6 20.Rec1 Rfc8 21.a3 Ra8 22.a4 Nc7
23.bxc5 bxc5 24.Qa5 Ne8 25.Rcb1 c4 26.dxc4 Rxc4 27.Qa6 Rac8 28.Bf1 Rc2 29.Bd3 Rd2
30.Rb3 Rc5 31.Rf1 Nf6 32.Rb7 Rc7 33.Rb8 Nxd5 34.Bb5 Qe7 35.Bc6 Nb6 36.Rb7 Rxb7
37.Bxb7 Rb2 38.a5 Na4 39.Bg2 Qc7 40.Qc6 Qxc6 41.Bxc6 Nc3 42.Kg2 d5 43.Rc1 d4
44.exd4 exd4 45.a6 Kf6 46.Kf3 Ke5 47.Re1+ Kd6 48.Be4 f5 49.Bd3 Rd2 50.Bc4 Ne4  0-1

[Event "OHRA-B"]
[Site "Amsterdam"]
[Date "1988.??.??"]
[Round "?"]
[White "Miles, Anthony J"]
[Black "Brenninkmeijer, Joris"]
[Result "1-0"]
[WhiteElo "2500"]
[BlackElo "2390"]

1.d4 Nf6 2.Nf3 e6 3.g3 c5 4.Bg2 Nc6 5.O-O Qb6 6.dxc5 Bxc5 7.c4 O-O 8.Nc3 Be7
9.b3 a6 10.Bf4 Qa5 11.Qd3 d5 12.a3 dxc4 13.Qxc4 Qh5 14.b4 e5 15.Bg5 Be6 16.Qh4 Qg6
17.Rac1 Rac8 18.Bxf6 Bxf6 19.Qe4 Bf5 20.Qe3 Rfd8 21.Na4 e4 22.Nh4 Bxh4 23.gxh4 Nd4
24.Rxc8 Bxc8 25.Kh1 Qf6 26.Qxe4 Bd7 27.Nc3 Bc6 28.Qg4 h5 29.Qg5 Qxg5 30.hxg5 Bxg2+
31.Kxg2 Rc8 32.Rd1 Rxc3 33.Rxd4 Rxa3 34.Rd8+ Kh7 35.Rd7 Kg6 36.Rxb7 Kxg5
37.Rxf7 Kg6 38.Rb7 Kf6 39.h4 g6 40.e3 Kf5 41.Kf3 Rc3 42.Rd7 Rc4 43.Rd4 Rc6
44.e4+ Ke5 45.Rd5+ Ke6 46.Ra5 Kf7 47.Ke3 Rc4 48.Ra4 Rc3+ 49.Kf4 Rc6 50.Kg5 Rb6
51.f4 Re6 52.e5 Rc6 53.Ra5 Rb6 54.Rc5 Rxb4 55.Rc7+ Ke6 56.Rc6+ Kd5 57.Rxa6  1-0

[Event "OHRA-B"]
[Site "Amsterdam"]
[Date "1988.??.??"]
[Round "?"]
[White "Gelfand, Boris"]
[Black "Miles, Anthony J"]
[Result "1-0"]
[WhiteElo "2585"]
[BlackElo "2500"]

1.d4 Nf6 2.Nf3 e6 3.c4 b6 4.Nc3 Bb4 5.Bg5 Bb7 6.Qc2 h6 7.Bh4 g5 8.Bg3 Ne4
9.Be5 Bxc3+ 10.bxc3 f6 11.Nd2 fxe5 12.Nxe4 exd4 13.cxd4 Qe7 14.e3 Nc6 15.Be2 O-O-O
16.a3 e5 17.d5 Na5 18.O-O Kb8 19.Rfb1 d6 20.Qc3 Ka8 21.Rb2 Bc8 22.a4 Rhf8
23.Rb5 Bf5 24.Nd2 Bd7 25.Rxa5 bxa5 26.c5 Qf7 27.c6 Qxf2+ 28.Kh1 Bh3 29.Bf1 Bg4
30.Ba6 Bc8 31.Bc4 Bf5 32.Rf1 Qh4 33.Qxa5 Be4 34.Qxc7 Rxf1+ 35.Nxf1 Bxg2+
36.Kg1 Rb8 37.Ba6  1-0

[Event "GMA-Open"]
[Site "Belgrade"]
[Date "1988.??.??"]
[Round "?"]
[White "Bator, Robert"]
[Black "Miles, Anthony J"]
[Result "1/2-1/2"]
[WhiteElo "2370"]
[BlackElo "2500"]

1.d4 d6 2.Nf3 Bg4 3.Nbd2 Nf6 4.h3 Bh5 5.g3 e6 6.Bg2 Nbd7 7.O-O d5 8.Ne5 Bd6
9.Nxd7 Qxd7 10.Qe1 O-O 11.e4 Be7 12.e5 Ne8 13.Nb3 Qb5 14.f4 Bg6 15.Rf2 a5
16.a4 Qd7 17.Be3 b6 18.c4 c6 19.c5 Qb7 20.Qc3 Nc7 21.g4 Be4 22.f5 Bxg2 23.Kxg2 bxc5
24.dxc5 Bh4 25.Re2 f6 26.Bd4 exf5 27.gxf5 fxe5 28.Rxe5 Rae8 29.Rf1 Qc8 30.Nd2 Qa6
31.Rxe8 Rxe8 32.Nf3 Qe2+  1/2-1/2

[Event "GMA-Open"]
[Site "Belgrade"]
[Date "1988.??.??"]
[Round "?"]
[White "Miles, Anthony J"]
[Black "Legky, Nikolay A"]
[Result "1-0"]
[WhiteElo "2500"]
[BlackElo "2380"]

1.d4 f5 2.Bg5 c6 3.c4 h6 4.Bd2 Nf6 5.Nc3 g6 6.g3 Bg7 7.Bg2 d6 8.e4 fxe4 9.Nxe4 Bf5
10.Nxf6+ Bxf6 11.Ne2 Nd7 12.O-O g5 13.Bc3 Nb6 14.d5 Bxc3 15.Nxc3 Qd7 16.Qd4 O-O
17.dxc6 bxc6 18.c5 Nc8 19.Qa4 Rb8 20.Bxc6 Qc7 21.cxd6 Qxd6 22.Rad1 Qb4 23.Qxb4 Rxb4
24.Rd2 Rb6 25.Bg2 Rd6 26.Rfd1 Rfd8 27.Rxd6 Rxd6 28.Rxd6 Nxd6 29.b4 e6 30.a4 Kf7
31.Bc6 Bd3 32.f3 Ke7 33.Kf2 Nc4 34.Bb5 Nb2 35.Ke3 Bxb5 36.Nxb5 Nxa4 37.Nxa7 Kd6
38.Ke4 Nb6 39.Nb5+ Kc6 40.Nc3 Nc4 41.f4 g4 42.Kd4 Nd2 43.Ke5 Kd7 44.Kf6 Nf3
45.Kg6 Nxh2 46.Kxh6 Nf1 47.Ne4 Ne3 48.Kg5 Nc2 49.b5 Nd4 50.Nc3 Kd6 51.Kxg4 Kc5
52.Kg5 Kc4 53.b6  1-0

[Event "GMA-Open"]
[Site "Belgrade"]
[Date "1988.??.??"]
[Round "?"]
[White "Miles, Anthony J"]
[Black "Ftacnik, Lubomir"]
[Result "1/2-1/2"]
[WhiteElo "2500"]
[BlackElo "2590"]

1.c4 c5 2.g3 g6 3.Bg2 Bg7 4.Nc3 Nc6 5.a3 a6 6.e3 d6 7.Nge2 Bd7 8.O-O Rb8
9.d4 cxd4 10.exd4 Nh6 11.d5 Ne5 12.b3 Qc8 13.Be3 Bh3 14.f4 Bxg2 15.Kxg2 Nf5
16.Bg1 Ng4 17.Qd3 h5 18.Rac1 Nf6 19.h3 O-O 20.Nd4 Re8 21.Na4 Nxd4 22.Bxd4 Qf5
23.Rf3 b5 24.Nb6 Rb7 25.cxb5 Qxd3 26.Rxd3 axb5 27.a4 bxa4 28.bxa4 Nd7 29.a5 Bxd4
30.Rxd4 Nc5 31.Rb1 Ra8 32.Rb5 Rxa5 33.Rxa5 Rxb6 34.Rd2 f5 35.Ra7 Kf7 36.Ra3 Rb4
37.Kf3 Ne4 38.Rd1  1/2-1/2

[Event "GMA-Open"]
[Site "Belgrade"]
[Date "1988.??.??"]
[Round "?"]
[White "Anand, Viswanathan"]
[Black "Miles, Anthony J"]
[Result "1/2-1/2"]
[WhiteElo "2555"]
[BlackElo "2500"]

1.e4 c6 2.d4 d5 3.Nd2 dxe4 4.Nxe4 Bf5 5.Ng3 Bg6 6.h4 h6 7.Nf3 Nd7 8.h5 Bh7
9.Bd3 Bxd3 10.Qxd3 e6 11.Bd2 Qc7 12.O-O-O O-O-O 13.Ne4 Ngf6 14.g3 Nc5 15.Nxc5 Bxc5
16.c4 Rhe8 17.Bc3 Qe7 18.Ne5 Bb6 19.Qe2 Nd7 20.Nf3 Nf6 21.Ne5 Nd7 22.Nf3 Nf6  1/2-1/2

[Event "GMA-Open"]
[Site "Belgrade"]
[Date "1988.??.??"]
[Round "?"]
[White "Miles, Anthony J"]
[Black "Sokolov, Ivan"]
[Result "1-0"]
[WhiteElo "2500"]
[BlackElo "2570"]

1.Nf3 Nf6 2.g3 d5 3.Bg2 g6 4.b3 Bg7 5.Bb2 c5 6.c4 d4 7.b4 Nfd7 8.O-O O-O
9.bxc5 Nxc5 10.d3 Nc6 11.Nbd2 a5 12.Rb1 Re8 13.Ba3 Na6 14.Ne1 Nab4 15.Bxb4 axb4
16.Nc2 Rxa2 17.Bxc6 bxc6 18.Nxb4 Ra3 19.Nxc6 Qd7 20.Nb4 Ra5 21.Nd5 Bb7 22.Nb3 Rxd5
23.cxd5 Qxd5 24.f3 h5 25.Qd2 Kh7 26.Qa5 Qe6 27.e4 dxe3 28.Nc5 Qc6 29.Nxb7 e2
30.Rf2 Bd4 31.Qb4 e5 32.Kg2 Bxf2 33.Kxf2 Rb8 34.Kxe2 Qc2+ 35.Ke3 Qxh2 36.Qe7 Qxg3
37.Qxf7+ Kh6 38.Ke4 h4 39.Qf6 h3 40.Nd6  1-0

[Event "GMA-Open"]
[Site "Belgrade"]
[Date "1988.??.??"]
[Round "?"]
[White "Polugaevsky, Lev"]
[Black "Miles, Anthony J"]
[Result "1-0"]
[WhiteElo "2590"]
[BlackElo "2500"]

1.d4 d6 2.c4 e5 3.Nf3 e4 4.Ng5 f5 5.Nc3 c6 6.Nh3 Nf6 7.Nf4 g5 8.Nh3 h6 9.f3 Bg7
10.fxe4 fxe4 11.Nf2 Qe7 12.e3 Bf5 13.Be2 Nbd7 14.O-O O-O 15.Nh1 Bg6 16.Ng3 Nh7
17.Rxf8+ Rxf8 18.Bh5 Bxh5 19.Qxh5 Qe6 20.d5 Qe7 21.Ncxe4 Ne5 22.Qe2 Ng6 23.Qc2 cxd5
24.cxd5 Qe5 25.Bd2 Qxd5 26.Bb4 Qe6 27.Bxd6 Rc8 28.Qe2 Nf6 29.Nxf6+ Bxf6 30.Ba3 Bh8
31.Rf1 Nh4 32.Qd3 Bg7 33.Nh5 Qc6 34.e4 Qc2 35.Qd5+ Kh7 36.e5 Bxe5 37.Rf7+ Kg6
38.Qe6+ Bf6 39.Rxf6+  1-0

[Event "GMA-Open"]
[Site "Belgrade"]
[Date "1988.??.??"]
[Round "?"]
[White "Ruban, Vadim"]
[Black "Miles, Anthony J"]
[Result "0-1"]
[WhiteElo "2395"]
[BlackElo "2500"]

1.d4 d6 2.c4 e5 3.Nc3 exd4 4.Qxd4 Nf6 5.b3 g6 6.Bb2 Bg7 7.g3 O-O 8.Bg2 Nbd7
9.Nf3 Nc5 10.Qd2 a5 11.Nd4 Re8 12.O-O c6 13.Rab1 Qe7 14.a3 h5 15.Qc2 h4 16.b4 axb4
17.axb4 Nce4 18.Nxe4 Nxe4 19.Nf3 h3 20.Bh1 Bf5 21.Qb3 Nxf2 22.Rxf2 Bxb1 23.Bxg7 Kxg7
24.Qxb1 Qf6 25.Nd2 Qd4 26.Qd3 Ra1+  0-1

[Event "Dieren op"]
[Site "Dieren"]
[Date "1988.??.??"]
[Round "1"]
[White "Visser, Yge"]
[Black "Miles, Anthony J"]
[Result "0-1"]
[WhiteElo "2320"]
[BlackElo "2500"]

1.e4 c6 2.d3 d5 3.Nd2 g6 4.g3 Bg7 5.Bg2 e5 6.Ngf3 Ne7 7.Rb1 O-O 8.b4 Nd7
9.O-O d4 10.Bb2 a5 11.a3 Nb6 12.c3 axb4 13.axb4 Na4 14.Qc2 Nxb2 15.Qxb2 Be6
16.Nb3 dxc3 17.Qxc3 Ra3 18.Nfd2 Qc7 19.Nc4 Raa8 20.Ne3 b6 21.Rfc1 Rfd8 22.Ra1 Bh6
23.Rd1 Rxa1 24.Rxa1 Nc8 25.Nd2 Na7 26.Nf3 f6 27.Rc1 Rd6 28.Qa3 Kg7 29.Rd1 Nb5
30.Qa1 Qd7 31.Bf1 Qd8 32.Be2 Rd7 33.Qb2 Kg8 34.Qc2 Qa8 35.Qb2 Ra7 36.Rd2 Ra2  0-1

[Event "Dieren op"]
[Site "Dieren"]
[Date "1988.??.??"]
[Round "3"]
[White "Nijboer, Friso"]
[Black "Miles, Anthony J"]
[Result "1/2-1/2"]
[WhiteElo "2420"]
[BlackElo "2500"]

1.e4 c6 2.c4 d5 3.exd5 cxd5 4.cxd5 Nf6 5.Nc3 Nxd5 6.Nf3 g6 7.Bb5+ Bd7 8.Bc4 Nb6
9.Bb3 Bg7 10.d4 O-O 11.O-O Nc6 12.h3 Na5 13.Bc2 Bc6 14.Ne5 Rc8 15.Re1 Bd5
16.Bf4 Nac4 17.Nxc4 Bxc4 18.Be5 Nd5 19.Bxg7 Kxg7 20.Be4 Rc7 21.Qf3 Nf6 22.Rad1 Qd6
23.d5 Rfc8 24.Qe3 b6 25.Bf3 Rd8 26.h4 h5 27.Qd4 Kg8 28.Re5 Ba6 29.Qe3 Qb4
30.Ne4 Nxe4 31.Bxe4 Qxb2 32.Qg5 Kg7 33.Rxe7 Rxe7 34.Qxe7 Qf6 35.Qxa7 Be2
36.Re1 Bc4 37.Rd1 Be2 38.Re1 Bc4 39.Rd1  1/2-1/2

[Event "Dieren op"]
[Site "Dieren"]
[Date "1988.??.??"]
[Round "4"]
[White "Miles, Anthony J"]
[Black "Vanheste, Jeroen"]
[Result "1/2-1/2"]
[WhiteElo "2500"]
[BlackElo "2390"]

1.Nf3 Nf6 2.g3 g6 3.b3 Bg7 4.Bb2 O-O 5.Bg2 c5 6.O-O Nc6 7.c4 d6 8.Nc3 e5
9.d3 h6 10.Ne1 Be6 11.Nd5 Qd7 12.Qd2 Kh7 13.f4 Ng8 14.a3 Nd4 15.Bxd4 exd4
16.Nc2 Rae8 17.Rae1 Ne7 18.Nxe7 Rxe7 19.e3 dxe3 20.Rxe3 Rfe8 21.Rfe1 Bf6
22.Bf3  1/2-1/2

[Event "Dieren op"]
[Site "Dieren"]
[Date "1988.??.??"]
[Round "6"]
[White "Nemet, Ivan"]
[Black "Miles, Anthony J"]
[Result "0-1"]
[WhiteElo "2425"]
[BlackElo "2500"]

1.d4 Nf6 2.Nf3 a6 3.Bg5 e6 4.Nbd2 h6 5.Bh4 d6 6.e4 g5 7.Bg3 Nh5 8.Bd3 Bg7
9.c3 Nd7 10.a4 Nf8 11.O-O Ng6 12.e5 Ngf4 13.Be4 f5 14.exf6 Qxf6 15.Bxf4 Nxf4
16.g3 Nd5 17.Qe2 O-O 18.h4 Bd7 19.hxg5 hxg5 20.Nh2 Qf7 21.Ng4 Bc6 22.Nf3 Qh5
23.Nfe5 dxe5 24.c4 Nf4 25.gxf4 Bxe4 26.Nf6+ Rxf6 27.Qxh5 Rh6 28.Qxh6 Bxh6
29.Rfe1 Bf5 30.fxe5 Rd8 31.Rad1 Bc2 32.Rd2 Bxa4 33.d5 Bf8 34.Rd4 Bc2 35.Kg2 Kg7
36.Re2 Bf5 37.f3 Bb4 38.Rd1 a5 39.Kg3 Kg6 40.Rh2 Bf8 41.f4 Be4 42.Rh8 Kg7
43.Rh5 Be7 44.d6 cxd6 45.exd6 Bg6 46.Rxg5 Bxg5 47.fxg5 Be8 48.Kf4 Bd7 49.b4 Rc8
50.bxa5 Rxc4+ 51.Ke3 Kg6 52.Rb1 Rc6 53.Rxb7 Rxd6 54.Rc7 Kxg5 55.a6 Bc6 56.a7 Bd5
57.Kd4 Kf6 58.Rh7 Ra6 59.Kc5 Rc6+ 60.Kb5 Rc8  0-1

[Event "Dieren op"]
[Site "Dieren"]
[Date "1988.??.??"]
[Round "8"]
[White "Miles, Anthony J"]
[Black "Farago, Ivan"]
[Result "1-0"]
[WhiteElo "2500"]
[BlackElo "2480"]

1.d4 Nf6 2.Nf3 e6 3.c4 b6 4.a3 Bb7 5.Nc3 d5 6.cxd5 Nxd5 7.Qc2 Be7 8.e4 Nxc3
9.bxc3 O-O 10.c4 c5 11.d5 exd5 12.exd5 Bf6 13.Rb1 Re8+ 14.Be2 Qe7 15.Be3 Nd7
16.O-O Bd4 17.Bxd4 Qxe2 18.Qa4 Qe7 19.Rbe1 Qd6 20.Rxe8+ Rxe8 21.Be5 Qe7 22.Re1 f6
23.Bc3 Qd8 24.Rxe8+ Qxe8 25.Qxa7 Qa8 26.Qxa8+ Bxa8 27.Nd2 Kf7 28.Kf1 Ke7
29.a4 Bb7 30.Ke2 Bc8 31.f4 Nb8 32.a5 bxa5 33.Bxa5 Bf5 34.Ke3 Bc2 35.Ne4 Bb3
36.Kd3 Nd7 37.Kc3 Bd1 38.Nxc5 Nxc5 39.Bb4 Kd6 40.Kd4  1-0